Le forme dei Governi / (Record no. 183434)

MARC details
000 -LEADER
campo de control de longitud fija 01362nam a2200253 i 4500
001 - NÚMERO DE CONTROL
campo de control 183434
003 - IDENTIFICADOR DE NÚMERO DE CONTROL
campo de control ES-MaACL
005 - FECHA Y HORA DE LA ÚLTIMA TRANSACCIÓN
campo de control 20251002204256.0
008 - DATOS DE LONGITUD FIJA--INFORMACIÓN GENERAL
campo de control de longitud fija 140422s1886 it |||| | ita d
100 1# - ENTRADA PRINCIPAL--NOMBRE DE PERSONA
Nombre de persona Lewis, George Cornewall.
9 (RLIN) 154752
245 13 - MENCIÓN DEL TÍTULO
Título Le forme dei Governi /
Mención de responsabilidad, etc. Cornewall Lewis, De Parieu, Passy. Il popolo e la politica / Hosmer. Le forme di Governo nelle società moderne / De Laveleye. Il Governo rappresentatio /Stuart Mill. Monarchia e Republica / Rodolfo Calamandrei.
260 ## - PUBLICACIÓN, DISTRIBUCIÓN, ETC.
Lugar de publicación, distribución, etc. Torino :
Nombre del editor, distribuidor, etc. Unione Tipografico-Editrice,
Fecha de publicación, distribución, etc. 1886.
300 ## - DESCRIPCIÓN FÍSICA
Extensión CLV, 1283 p. ;
Dimensiones 25 cm.
490 1# - MENCIÓN DE SERIE
Mención de serie Biblioteca di scienze politiche: scelta collezione delle più importanti opere moderne italiane e straniere di scienze politiche / diretta da Attilio Bruniati ;
Designación de volumen o secuencia 2
700 1# - ENTRADA AGREGADA--NOMBRE PERSONAL
Nombre de persona Parieu, Marie-Louis-Pierre Félix Esquirou de,
Fechas asociadas al nombre 1815-1893
9 (RLIN) 154753
700 1# - ENTRADA AGREGADA--NOMBRE PERSONAL
Nombre de persona Passy, Hipolytte.
9 (RLIN) 130886
700 1# - ENTRADA AGREGADA--NOMBRE PERSONAL
Nombre de persona Hosmer, George Washington.
9 (RLIN) 154754
700 1# - ENTRADA AGREGADA--NOMBRE PERSONAL
Nombre de persona Laveleye, Émile de,
Fechas asociadas al nombre 1822-1892
9 (RLIN) 70700
700 1# - ENTRADA AGREGADA--NOMBRE PERSONAL
Nombre de persona Mill, John Stuart,
Fechas asociadas al nombre 1806-1873
9 (RLIN) 81119
700 1# - ENTRADA AGREGADA--NOMBRE PERSONAL
Nombre de persona Calamandrei, Rodolfo.
9 (RLIN) 154755
830 0# - PUNTO DE ACCESO ADICIONAL DE SERIE-TÍTULO UNIFORME
Título uniforme Biblioteca di scienze politiche: scelta collezione delle più importanti opere moderne italiane e straniere di scienze politiche / diretta da Attilio Bruniati ;
Designación de volumen o secuencia 2
9 (RLIN) 224977
852 ## - LOCALIZACIÓN
Ubicación ES-MaACL
Número de control de estantería B-9314
Holdings
Estatus retirado Estado de pérdida Estado de daño No para préstamo Colección Biblioteca de origen Biblioteca actual Ubicación en estantería Fecha de adquisición Fuente de adquisición Total de préstamos Signatura topográfica completa Código de barras Visto por última vez Precio de reemplazo Tipo de ítem Koha
        Libros del s. XIX Biblioteca del Ateneo de Madrid Biblioteca del Ateneo de Madrid Sala Pardo Bazán 22/04/2014     B-9314 1192801 23/02/2023 23/02/2023 Libro impreso antiguo